| 000 | 00398nam a22001697a 4500 | ||
|---|---|---|---|
| 003 | CEME | ||
| 005 | 20210628210526.0 | ||
| 008 | 210209b xxu||||| |||| 00| 0 eng d | ||
| 040 | _c. | ||
| 082 | _a520 ABA | ||
| 100 |
_aAbbasi, Mubashir-Ul-Haq _979804 |
||
| 245 | _aFalkiyaat | ||
| 260 |
_aLAHORE _bURDU SCIENCE BOARD _c2000 |
||
| 300 | _a496P | ||
| 650 |
_aASTRONOMY _912319 |
||
| 942 |
_cBK _2ddc |
||
| 999 |
_c584796 _d584796 |
||